Contemporary nursing : (Record no. 674)

MARC details
000 -LEADER
fixed length control field 03106cam a2200313 a 4500
003 - CONTROL NUMBER IDENTIFIER
control field OCoLC
005 - DATE AND TIME OF LATEST TRANSACTION
control field 20171103142137.0
008 - FIXED-LENGTH DATA ELEMENTS--GENERAL INFORMATION
fixed length control field 050122s2005 moua b 001 0 eng d
020 ## - INTERNATIONAL STANDARD BOOK NUMBER
International Standard Book Number 032302968X (pbk.)
035 ## - SYSTEM CONTROL NUMBER
System control number 57474705
040 ## - CATALOGING SOURCE
Original cataloging agency MLX
Transcribing agency MLX
Modifying agency COU
-- CaOTR
043 ## - GEOGRAPHIC AREA CODE
Geographic area code n-us---
050 #4 - LIBRARY OF CONGRESS CALL NUMBER
Classification number RT41
Item number .C564 CHE REF
245 10 - TITLE STATEMENT
Statement of responsibility, etc Barbara Cherry, Susan R. Jacob.
100 1# - MAIN ENTRY--PERSONAL NAME
Personal name Cherry, Barbara,
Titles and other words associated with a name MSN.
245 10 - TITLE STATEMENT
Title Contemporary nursing :
Remainder of title issues, trends, & management /
250 ## - EDITION STATEMENT
Edition statement 3rd ed.
260 ## - PUBLICATION, DISTRIBUTION, ETC. (IMPRINT)
Place of publication, distribution, etc St. Louis, Mo. :
Name of publisher, distributor, etc Elsevier Mosby,
Date of publication, distribution, etc c2005.
300 ## - PHYSICAL DESCRIPTION
Extent xxxv, 632 p. :
Other physical details ill. ;
Dimensions 24 cm.
500 ## - GENERAL NOTE
General note Previous ed.: 2002.
504 ## - BIBLIOGRAPHY, ETC. NOTE
Bibliography, etc Includes bibliographical references and index.
505 0# - FORMATTED CONTENTS NOTE
Formatted contents note Unit 1. The development of nursing -- The evolution of professional nursing / Shiphrah A. Alicia Williams-Evans, Susan R. Jacob, M. Elizabeth Carnegie -- The contemporary image of professional nursing / Toni Bargagliotti -- Theories of nursing practice / Margaret Soderstrom, Linda C. Pugh -- The influence of contemporary trends and issues on nursing education / Carrie B. Lenburg -- Nursing licensure and certification / Janet C. Scherubel -- Unit 2. Current issues in health care -- Financing health care and economic issues / Marylane Wade Koch -- Nursing in the ever-evolving health care system / Tim Porter-O'Grady -- Legal issues in nursing and health care / Laura R. Mahlmeister -- Ethical and bioethical issues in nursing and health care / Carla D. Sanderson -- Health policy and politics: get involved! / Barbara Cherry, Virginia Trotter Betts -- Cultural competency and social issues in nursing and health care / Susan R. Jacob, M. Elizabeth Carnegie -- Workplace advocacy and the nursing shortage / Alexia Green, K. Lynn Wieck -- Emergency preparedness and response for today's world / Linda D. Norman, Elizabeth E. Weiner -- Nursing informatics and clinical information systems / Leslie H. Nicoll -- Complementary and alternative healing / Charlotte Eliopoulos -- Unit 3. Leadership and management in nursing -- Nursing leadership and management / Barbara Cherry -- Effective communication and conflict resolution / Anna Sallee, Sandy Forrest -- Effective delegation and supervision / Barbara Cherry, Margaret Elizabeth Strong -- Staffing and nursing care delivery models / Barbara Cherry, Ruth Ann Bridges -- Nursing's role in improving the quality of health care / Kathleen M. Werner -- Nursing research / Jill J. Webb -- Unit 4. Career management -- Making the transition from student to professional nurse / Tommie L. Norris -- Managing time: the path to high self-performance / Patricia Reid Ponte, Genevieve J. Conlin -- Contemporary nursing roles and career opportunities / Robert W. Koch -- Job search: finding your match / Kathryn S. Skinner, Laura H. Day. NCLEX-RN examination / Mary Lynn Engelmann.
650 #0 - SUBJECT ADDED ENTRY--TOPICAL TERM
Topical term or geographic name as entry element Nursing
Geographic subdivision United States.
650 #0 - SUBJECT ADDED ENTRY--TOPICAL TERM
Topical term or geographic name as entry element Nursing
Geographic subdivision United States
General subdivision Practice.
650 #0 - SUBJECT ADDED ENTRY--TOPICAL TERM
Topical term or geographic name as entry element Nursing
Geographic subdivision United States
General subdivision Moral and ethical aspects.
650 #0 - SUBJECT ADDED ENTRY--TOPICAL TERM
Topical term or geographic name as entry element Nursing
Geographic subdivision United States
General subdivision Vocational guidance.
700 1# - ADDED ENTRY--PERSONAL NAME
Personal name Jacob, Susan R.
942 ## - ADDED ENTRY ELEMENTS (KOHA)
Source of classification or shelving scheme Dewey Decimal Classification
Koha item type Books
Holdings
Withdrawn status Lost status Source of classification or shelving scheme Damaged status Not for loan Home library Current library Shelving location Date acquired Total Checkouts Full call number Barcode Date last seen Copy number Price effective from Koha item type
    Dewey Decimal Classification     Methodist University Library Wenchi Nursing Methodist University Library Wenchi Nursing Reference 03/11/2017   RT41 .C564 CHE REF 39104 03/11/2017 1 03/11/2017 Books
    Dewey Decimal Classification     Methodist University Library Wenchi Nursing Methodist University Library Wenchi Nursing General Stacks 03/11/2017   RT41 .C564 CHE REF 37216 03/11/2017 2 03/11/2017 Books
    Dewey Decimal Classification     Methodist University Library Wenchi Nursing Methodist University Library Wenchi Nursing General Stacks 15/11/2017   RT41 .C564 CHE REF 2977 15/11/2017 3 15/11/2017 Books
    Dewey Decimal Classification     Methodist University Library Wenchi Nursing Methodist University Library Wenchi Nursing General Stacks 15/11/2017   RT41 .C564 CHE REF 1370 15/11/2017 4 15/11/2017 Books
    Dewey Decimal Classification     Methodist University Library Wenchi Nursing Methodist University Library Wenchi Nursing   15/11/2017   RT41 .C564 CHE REF 1369 15/11/2017 5 15/11/2017 Books
Copyright © 2026  MUG Library